Statistics for Books by Letter R

Click here to take the quiz!

General Stats

  • This quiz has been taken 30 times
  • The average score is 6 of 15

Answer Stats

HintBook% Correct
An age-old vendetta between two powerful families erupts into bloodshed.Romeo and Juliet
86%
The story of a young, unnamed protagonist who meets a handsome, older gentleman, Maxim de Winter, in Monte Carlo.Rebecca
76%
The final confrontation between the forces of good and evil fighting for control of the future of Middle-earth.The Return of the King
76%
King Richard II banishes Henry Bolingbroke, seizes noble land, and uses the money to fund wars.Richard II
66%
Held captive for years in an enclosed space, a woman and her young son finally gain their freedom, allowing the boy to experience the outside world for the first time.Room
59%
A Socratic dialogue, authored by Plato around 375 BC, concerning justice, the order and character of the just city-state, and the just man.The Republic
38%
The man and the boy, who also remain unnamed throughout the entire novel, travel through the rough terrain of the southeastern United States.The Road
34%
A young and impulsive wanderer, defied his parents and went to sea.Robinson Crusoe
31%
After Charles Waterbury is imprisoned on false charges of selling state secrets, his wife must move to a small house near a railway station.The Railway Children
31%
James Stevens, a loyal butler to Lord Darlington, grows apprehensive when his master reveals himself to be a Nazi sympathiser prior to the outbreak of World War II.The Remains of the Day
28%
DescriptionThe Emersons come to Lucy's rescue when she finds herself alone in Florence. She falls in love with George Emerson, but back home in England her fiancee awaits her return.A Room With A View
24%
An important feminist text, the essay is noted in its argument for both a literal and figurative space for women’s writers within a literary tradition dominated by men.A Room of One's Own
21%
In 2045 the planet is on the brink of chaos and collapse, but people find salvation in the OASIS: an expansive virtual reality universe created by eccentric James Halliday.Ready Player One
17%
Frank and April are an ideal couple who live with their two children in the suburbs of Connecticut. However, when they start facing issues in their marriage, April decides to move to Paris.Revolutionary Road
17%
Clym Yeobright, who has returned to the area to become a schoolmaster after a successful but, in his opinion, shallow career as a jeweler in Paris.Return of the Native
10%

Score Distribution

Percentile by Number Answered

Percent of People with Each Score

Your Score History

You have not taken this quiz